000 00475nam a2200193 a 4500
001 1770381888509
003 YourLibrary
005 20260206181646.0
008 260206s1999##################000#0#eng##
020 _a9780195050011
082 0 4 _a306.0947
_bFIT
100 1 _aFitzpatrick, Sheila,
_eauthor.
245 1 0 _aEveryday Stalinism :
260 _c1999.
300 _a311 pages
650 0 _aHistory.
942 _cENGLISH
040 _aYourLibrary
_beng
_cYourLibrary
999 _c610720
_d610720